[Event "Joao Pessoa Fischer Memorial 9th"]
[Site "Joao Pessoa"]
[Date "2018.03.18"]
[Round "5"]
[White "Moraes Neto, Severino Amancio"]
[Black "Dornelles, Marcio Neron Camarg"]
[Result "0-1"]
[WhiteElo "1941"]
[BlackElo "1984"]
[PlyCount "90"]
[EventDate "2018.03.16"]
[EventType "swiss"]
[EventRounds "6"]
[EventCountry "BRA"]
[SourceTitle "CBM 183 Extra"]
[Source "ChessBase"]
[SourceDate "2018.04.19"]
[SourceVersion "1"]
[SourceVersionDate "2018.04.19"]
[SourceQuality "1"]

1. e4 e6 2. d4 d5 3. Nc3 Nf6 4. Bg5 Be7 5. e5 Nfd7 6. Bxe7 Qxe7 7. Nf3 a6 8. Be2 c5 9. Qd2 Nc6 10. 0-0 cxd4 11. Nxd4 Ndxe5 12. Rfe1 0-0 13. Nxc6 Nxc6 14. f4 Qb4 15. Bd3 Bd7 16. a3 Qd4+ 17. Kh1 b5 18. Rad1 Qf6 19. Qf2 Na5 20. Re3 Nc4 21. Rh3 g6 22. b3 Nb2 23. Re1 Nxd3 24. Rxd3 Rac8 25. Re5 Rc7 26. g4 Rfc8 27. Qg3 d4 28. Ne4 Bc6 29. g5 Qe7 30. b4 Bxe4+ 31. Rxe4 Rxc2 32. Rexd4 Qb7+ 33. Qf3 Qxf3+ 34. Rxf3 Ra2 35. Rfd3 Rc1+ 36. Rd1 Rcc2 37. Rd8+ Kg7 38. R1d3 Rxh2+ 39. Kg1 Rhc2 40. Rd1 Rxa3 41. R1d2 Rxd2 42. Rxd2 Rb3 43. Rd4 h6 44. Kg2 hxg5 45. fxg5 Kf8 0-1

[Event "Joao Pessoa Fischer Memorial 9th"]
[Site "Joao Pessoa"]
[Date "2018.03.16"]
[Round "1"]
[White "Moraes Neto, Severino Amancio"]
[Black "Silva Junior, Marcelo Valeriano"]
[Result "1/2-1/2"]
[WhiteElo "1941"]
[BlackElo "1943"]
[PlyCount "118"]
[EventDate "2018.03.16"]
[EventType "swiss"]
[EventRounds "6"]
[EventCountry "BRA"]
[SourceTitle "CBM 183 Extra"]
[Source "ChessBase"]
[SourceDate "2018.04.19"]
[SourceVersion "1"]
[SourceVersionDate "2018.04.19"]
[SourceQuality "1"]

1. e4 e5 2. Nf3 Nc6 3. Bb5 d6 4. d4 Bd7 5. c3 a6 6. Ba4 b5 7. Bb3 Be7 8. dxe5 Nxe5 9. Nxe5 dxe5 10. Qd5 Be6 11. Qc6+ Bd7 12. Qd5 Be6 13. Qxe5 Bf6 14. Qh5 Qd3 15. Qe2 Qd6 16. f4 Bxb3 17. axb3 Qc6 18. 0-0 0-0-0 19. e5 Be7 20. b4 g6 21. Qf3 Qxf3 22. Rxf3 Kb7 23. g4 Nh6 24. h3 Rd1+ 25. Rf1 Rd3 26. Kg2 Rhd8 27. f5 Bf8 28. f6 R3d5 29. Bf4 Ng8 30. Na3 h5 31. g5 c5 32. Rae1 cxb4 33. Nb1 b3 34. e6 fxe6 35. Rxe6 a5 36. Be3 a4 37. Rf2 R5d6 38. Re5 Rd5 39. Re4 Kc6 40. c4 bxc4 41. Nc3 Rd3 42. Rxc4+ Kb7 43. Kf3 a3 44. bxa3 Bxa3 45. Nb1 Bf8 46. Rb2 Nxf6 47. gxf6 Bh6 48. Re4 Rf8 49. Ke2 Rxe3+ 50. Rxe3 Bxe3 51. Kxe3 Rxf6 52. Rxb3+ Kc8 53. Ke4 g5 54. Rd3 g4 55. hxg4 hxg4 56. Nd2 Rf2 57. Nc4 Re2+ 58. Kf4 Kc7 59. Kxg4 Re4+ 1/2-1/2